Jewish General Knowledge - Statistics

General Stats
  • This quiz has been taken 119 times
  • The average score is 7 of 15
Answer Stats
Hint Answer % Correct
Which famous U.S president has a Jewish son-in-law Donald J Trump
84%
Jewish equivalent of halal Kosher
79%
What holiday is the Menorah lit? Hannukah
76%
name for a 13 year old male's birthday Bar Mitzvah
64%
holiest day of the Jewish calendar (hint: sandy Koufax) Yom Kippur
60%
When are jews obligated to eat crackers Passover
59%
jewish comedian who inspired adolf hitler's mustache Charlie Chaplin
57%
Current holiest Jewish site Western Wall
42%
4th book of the Torah Numbers
41%
Jewish-owned airline El-al
37%
where does a Jewish priest serve Temple
36%
another name for kippah Yarmulke
34%
from which kingdom will the jewish messiah descend David
27%
What citrus fruit do the jews shake on sukkot citron
22%
Most concentrated town of orthodox jews in U.S Lakewood NJ
14%
No matching quizzes found
Score Distribution
Percent of People with Each Score
Percentile by Number Answered
Your Score History
You have not taken this quiz